UBT Library

Surviving the cancer system : (Record no. 47323)

000 -LEADER
fixed length control field 00966cam a2200265 a 4500
001 - CONTROL NUMBER
control field 15664242
005 - DATE AND TIME OF LATEST TRANSACTION
control field 20180824080613.0
008 - FIXED-LENGTH DATA ELEMENTS--GENERAL INFORMATION
fixed length control field 090318s2009 nyu b 001 0 eng
010 ## - LIBRARY OF CONGRESS CONTROL NUMBER
LC control number 2009009838
020 ## - INTERNATIONAL STANDARD BOOK NUMBER
International Standard Book Number 9780814413562 (pbk.)
020 ## - INTERNATIONAL STANDARD BOOK NUMBER
International Standard Book Number 0814413560 (pbk.)
035 ## - SYSTEM CONTROL NUMBER
System control number (OCoLC)ocn290435828
040 ## - CATALOGING SOURCE
Original cataloging agency DLC
Transcribing agency DLC
Modifying agency BTCTA
-- YDXCP
-- C#P
-- VP@
-- CUS
-- DLC
041 ## - LANGUAGE CODE
Language code of text/sound track or separate title eng
060 #4 - NATIONAL LIBRARY OF MEDICINE CALL NUMBER
Classification number QZ 201 F413s 2009
080 ## - UNIVERSAL DECIMAL CLASSIFICATION NUMBER
Universal Decimal Classification number 616.994
082 00 - DEWEY DECIMAL CLASSIFICATION NUMBER
Classification number 616.994
Edition number 22
100 1# - Rafti
Rafti 6
101 ## - Shkurtesa
Shkurtesa KAN
245 10 - TITLE STATEMENT
Title Surviving the cancer system :
Statement of responsibility, etc Mark R. Fesen.
504 ## - BIBLIOGRAPHY, ETC. NOTE
Bibliography, etc Includes bibliographical references and index.
906 ## - LOCAL DATA ELEMENT F, LDF (RLIN)
a 7
b cbc
c orignew
d 1
e ecip
f 20
g y-gencatlg
942 ## - ADDED ENTRY ELEMENTS (KOHA)
Source of classification or shelving scheme
Item type Books
Holdings
Withdrawn status Lost status Source of classification or shelving scheme Damaged status Not for loan Collection code Permanent location Current location Shelving location Date acquired Total Checkouts Full call number Barcode Date last seen Price effective from Koha item type
          Koleksioni i përgjithshem UBT - Lipjan UBT - Lipjan Koleksioni i përgjithshem 08/24/2018   616.994 FES 002-3012079 08/24/2018 08/24/2018 Books
UBT Library © 2015-2024. All rights reserved University Education for Business and Technology